Estadísticas para Concursantes de Operación Triunfo 2017

Haz click aquí para intentar la prueba.

Estadísticas generales

  • Esta prueba ha sido intentada 47 veces
  • La puntuación promedio es 14 de 18

Estadísticas de respuestas

HintRespuesta% Correcto
OT17Aitana
100%
OT17Amaia
100%
OT17Alfred
93%
OT17Ana Guerra
93%
OT17Miriam Rodríguez
93%
OT17Cepeda
91%
OT17Nerea
89%
OT17Raoul Vázquez
86%
OT17Mimi
84%
OT17Roi Méndez
84%
OT17Agoney
82%
OT17Thalía Garrido
82%
OT17Juan Antonio
75%
OT17Marina
73%
OT17Mireya Bravo
68%
OT17Ricky Merino
68%
OT17 (Gala 0)Mario
45%
OT17(Gala 0)Joao
36%

Distribución de puntuación

Porcentaje por número respondido

Porcentaje de gente con cada puntuación

Historial de tus puntuaciones

No has intentado esta prueba.